000 00737nam a22002657a 4500
001 BR7307140
003 BR-BrBNA
005 20230928084128.0
007 ta
008 230509b bl.||||| |||| 00| 0 por d
040 _aBR-BrBNA
_bpor
_cBiblioteca Nacional de Agricultura
041 _a(Por)
072 _aE30; E10
_b/G514
090 _ E30 BR7307140
100 1 _aTavora, V.
111 1 _aSimposio o Homem e o Campo
_cBrasilia, DF (Brazil)
_d24 Jun 1976
245 1 _aAnalise da politica agropecuaria brasileira
260 3 _aBrasilia, DF (Brasil):
_c[nd].
300 _a53 p.
500 _aPublished 1976?
650 _aPolitica agricola
650 _aMacroeconomia
909 _a202309
_bLucia
_c55
_dLucia Elande
942 _cBK
999 _c17037
_d17037